Statistics for All Subdivisions Bordering Albania

Click here to take the quiz!

General Stats

  • This quiz has been taken 9 times
  • The average score is 6 of 16

Answer Stats

Answer% Correct
Podgorica
80%
Prizren
80%
Gjakova
60%
Plav
60%
Tuzi
60%
Ulcinj
60%
Debar
40%
Gusinje
40%
Ohrid
40%
Struga
40%
Andrijevica
20%
Epirus and Western Macedonia
20%
Gostivar
20%
Mavrovo and Rostusa
0%
Resen
0%
Vevcani
0%

Score Distribution

Percentile by Number Answered

Percent of People with Each Score

Your Score History

You have not taken this quiz